00512cam a2200181 a 4500001000800000005001700008008004100025010001700066020001500083040001800098041000800116080001800124082002200142100000700164101000800171245008700179504006400266215840120180123081236.0990602s2000 njua b 001 0 eng  a 99035189  a013021020X aDLCcDLCdDLC aeng a808..027 DAW00a808..027 DAW2211 a48 aEDU14aThe research paper and the World Wide Web /cDawn Rodrigues, Raymond J. Rodrigues. aIncludes bibliographical references (p. 173-174) and index.